Assessment of Transmission Effects between "Corruption-Digitization-Economic Growth"

V poslednom desaťročí došlo k prudkému rozvoju digitálnych informačných technológií, intelektualizácii riadiacich systémov, zvýšeniu počtu a kapacity mobilných a počítačových zariadení, akumulácii veľkého množstva údajov a ich spracovaniu pomocou algoritmov strojového učenia, ktoré nevyhnutne vedie...

Full description

Saved in:
Bibliographic Details
Main Author: Surovičová, Adriana, 1990-
Other Authors: Bozhenko, Victoria, Boyko, Anton, Petrenko, K.
Format: Book Chapter
Language:English
Subjects:
Tags: Add Tag
No Tags, Be the first to tag this record!

MARC

LEADER 00000naa a2200000 4500
001 0290728
005 20240502083940.6
041 0 |a eng 
044 |a UA 
245 1 0 |a Assessment of Transmission Effects between "Corruption-Digitization-Economic Growth"  |c Adriana Surovičová, Victoria Bozhenko, Anton Boyko, K. Petrenko 
520 |a V poslednom desaťročí došlo k prudkému rozvoju digitálnych informačných technológií, intelektualizácii riadiacich systémov, zvýšeniu počtu a kapacity mobilných a počítačových zariadení, akumulácii veľkého množstva údajov a ich spracovaniu pomocou algoritmov strojového učenia, ktoré nevyhnutne vedie k novým príležitostiam pre hospodársky rozvoj. Rýchla digitalizácia a jej prienik do rôznych sfér verejného života prispeli k zvýšeniu úrovne transparentnosti verejnej správy, posilneniu verejnej kontroly, zníženiu byrokratizácie spoločnosti. Digitálne technológie tak môžu slúžiť ako nástroje boja proti korupcii a vytvárať podmienky pre intenzívny ekonomický rast. Preto je téma založená na štúdiu transmisných efektov v reťazci „korupcia-digitalizácia-ekonomický rast“ aktuálna. Cieľom práce je vyvinúť metodické nástroje na hodnotenie prenosových efektov medzi digitalizáciou, poklesom miery korupcie a ekonomickým rastom. Na štúdium boli použité nasledujúce metódy: Levin-Lin-Chu, Hadri, Pesaran a Chin test, Dickey-Fuller test - na kontrolu stacionárnych premenných; štatistické kritérium Kao - na kontrolu existencie kointegračného vzťahu medzi premennými; modifikovaná metóda najmenších štvorcov - odhadnúť regresné koeficienty na základe panelových údajov; koeficient determinácie a Jarque-Bera test – na overenie adekvátnosti ekonometrického modelu. Empirická štúdia potvrdila hypotézu o prítomnosti transmisných efektov medzi ukazovateľmi, ktoré charakterizujú mieru korupcie v ekonomike, digitalizáciu a ekonomický rast. Bolo to dokázané, že znižovanie korupcie a rast digitalizácie v skúmaných krajinách prispieva k ekonomickému rastu. 
610 2 0 |a digitalizácia 
610 2 0 |a korupcia 
610 2 0 |a rast hospodársky 
610 2 0 |a modelovanie 
610 2 0 |a regresia 
100 1 |a Surovičová, Adriana, 1990- 
700 1 |a Bozhenko, Victoria 
700 1 |a Boyko, Anton 
700 1 |a Petrenko, K.